[Event "Dhaka Zia Memorial"]
[Site "Dhaka"]
[Date "2025.07.11"]
[Round "9"]
[White "Omnia Binta Yusuf, Lubaba"]
[Black "Mohammad, Hasan"]
[Result "0-1"]
[WhiteElo "1756"]
[BlackElo "1846"]
[PlyCount "90"]
[EventDate "2025.07.05"]
[EventType "swiss"]
[EventRounds "9"]
[EventCountry "BAN"]
[SourceTitle "CB29_2025"]
[SourceDate "2025.07.16"]
[SourceVersion "1"]
[SourceVersionDate "2025.07.16"]
[SourceQuality "1"]

1. d4 Nf6 2. Nf3 d5 3. Bf4 Bf5 4. e3 e6 5. c3 c6 6. Nbd2 Nbd7 7. Be2 Be7 8. 0-0 Nh5 9. Ne5 Nxf4 10. exf4 Nxe5 11. fxe5 0-0 12. f4 c5 13. Qb3 Qb6 14. Qxb6 axb6 15. g4 Bc2 16. Kf2 cxd4 17. cxd4 f6 18. Kg3 fxe5 19. dxe5 Bc5 20. Rf3 Bd4 21. Rc1 Bg6 22. Rb3 Rxa2 23. Rc7 Bxb2 24. Rxb6 Bd4 25. Rxe6 Rxd2 26. Bb5 Rc2 27. Rxb7 Rc3+ 28. Kh4 Rxf4 29. Ree7 Rc8 30. Rxg7+ Kh8 31. Rge7 Bf2+ 32. Kg5 Be3 33. Kh4 Rcf8 34. Bc6 Rf2 35. Bxd5 Rxh2+ 36. Kg3 Bf4+ 37. Kf3 Bxe5+ 38. Ke3 Bf4+ 39. Kd4 Bd6 40. Red7 Rd2+ 41. Kc3 Rxd5 42. Kc4 Rc5+ 43. Kb3 Rf3+ 44. Ka2 Rc2+ 45. Rb2 Ra3+ 0-1

[Event "Dhaka Zia Memorial"]
[Site "Dhaka"]
[Date "2025.07.08"]
[Round "6"]
[White "Afnan, Zarif Haque"]
[Black "Mohammad, Hasan"]
[Result "1-0"]
[WhiteElo "1984"]
[BlackElo "1846"]
[PlyCount "68"]
[EventDate "2025.07.05"]
[EventType "swiss"]
[EventRounds "9"]
[EventCountry "BAN"]
[SourceTitle "CB29_2025"]
[SourceDate "2025.07.16"]
[SourceVersion "1"]
[SourceVersionDate "2025.07.16"]
[SourceQuality "1"]

1. Nf3 d5 2. d4 Nc6 3. c4 e6 4. Nc3 Nf6 5. Bg5 Be7 6. e3 a6 7. Rc1 0-0 8. a3 dxc4 9. Bxc4 Nd5 10. Bxe7 Ncxe7 11. 0-0 Nxc3 12. Rxc3 b5 13. Bd3 g6 14. e4 Bb7 15. Qd2 Kg7 16. Rfc1 Rc8 17. Qe3 Qd6 18. h4 h5 19. Rc5 Rfd8 20. Bb1 Nc6 21. e5 Qd7 22. Be4 Na5 23. Bxb7 Nxb7 24. R5c3 Qe7 25. Ng5 Na5 26. b3 c6 27. a4 Rd7 28. axb5 axb5 29. Qf4 Rcd8 30. Rf3 Qa3 31. Nxf7 Rxf7 32. Qxf7+ Kh6 33. Rd1 Nxb3 34. Rf6 Rxd4 1-0

[Event "BAN Marcel 1st Div"]
[Site "Dhaka"]
[Date "2018.01.03"]
[Round "5.3"]
[White "Mohammad, Hasan"]
[Black "Mohammad Fahad, Rahman"]
[Result "0-1"]
[WhiteElo "1811"]
[BlackElo "2234"]
[PlyCount "64"]
[EventDate "2017.12.30"]
[EventType "team-tourn"]
[EventRounds "9"]
[EventCountry "BAN"]
[SourceTitle "CBM 182 Extra"]
[Source "ChessBase"]
[SourceDate "2018.02.23"]
[SourceVersion "1"]
[SourceVersionDate "2018.02.23"]
[SourceQuality "1"]
[WhiteTeam "Kasparov CC"]
[BlackTeam "Sonargaon CC"]
[WhiteTeamCountry "BAN"]
[BlackTeamCountry "BAN"]

1. e4 e5 2. Bc4 Nf6 3. Nf3 Nxe4 4. Bxf7+ Kxf7 5. Nxe5+ Kg8 6. Qf3 Nf6 7. 0-0 d5 8. d4 Nc6 9. c3 Bd6 10. Re1 Bxe5 11. dxe5 Ne4 12. Bf4 Qe7 13. Nd2 Bf5 14. Nxe4 dxe4 15. Qe2 h6 16. f3 Nxe5 17. Qb5 c5 18. Rad1 Nf7 19. Rd5 Bg6 20. Rd7 Qf6 21. Qxb7 Kh7 22. Bg3 exf3 23. gxf3 Rhe8 24. Red1 Bh5 25. R1d5 Qxf3 26. Rxh5 Qxh5 27. Rxf7 Qg5 28. Kg2 Rad8 29. h4 Qg4 30. Rf2 Re3 31. Qc7 Rdd3 32. Qf4 Rxg3+ 0-1

[Event "BAN Marcel 1st Div"]
[Site "Dhaka"]
[Date "2018.01.02"]
[Round "4.2"]
[White "Mohammad, Hasan"]
[Black "Ghosh, Chanchal Kumer"]
[Result "0-1"]
[WhiteElo "1811"]
[BlackElo "2176"]
[PlyCount "98"]
[EventDate "2017.12.30"]
[EventType "team-tourn"]
[EventRounds "9"]
[EventCountry "BAN"]
[SourceTitle "CBM 182 Extra"]
[Source "ChessBase"]
[SourceDate "2018.02.23"]
[SourceVersion "1"]
[SourceVersionDate "2018.02.23"]
[SourceQuality "1"]
[WhiteTeam "Kasparov CC"]
[BlackTeam "Janata Bank Officer Welfare"]
[WhiteTeamCountry "BAN"]
[BlackTeamCountry "BAN"]

1. e4 d6 2. d4 g6 3. Nc3 Bg7 4. Nf3 c6 5. Be2 b5 6. Be3 Nf6 7. Nd2 Qc7 8. f4 b4 9. Na4 Bd7 10. Bf3 h5 11. h3 a5 12. c4 bxc3 13. bxc3 Na6 14. Rb1 Rb8 15. Rxb8+ Nxb8 16. Qb3 Be6 17. d5 cxd5 18. exd5 Bd7 19. Qb6 Qc8 20. Qxa5 0-0 21. Nb6 Qc7 22. Nb3 Ne4 23. Bd4 Bxd4 24. cxd4 Ng3 25. Rg1 Qc2 26. Qd2 Qb1+ 27. Bd1 Bf5 28. Qc1 Qxa2 29. Qa1 Qxa1 30. Nxa1 Na6 31. Kd2 Rb8 32. Na4 Rb4 33. Nc3 Rxd4+ 34. Kc1 Nb4 35. Nb3 Rxf4 36. Bf3 Na2+ 37. Nxa2 Rxf3 38. Nd4 Rf4 39. Nxf5 Ne2+ 40. Kd2 Nxg1 41. Nxe7+ Kf8 42. Ke3 Ra4 43. Nc3 Ra3 44. Nxg6+ fxg6 45. Kd4 Rxc3 46. Kxc3 Ne2+ 47. Kc4 Nf4 48. g4 h4 49. Kd4 Nxh3 0-1

[Event "Dhaka Powertec op-B"]
[Site "Dhaka"]
[Date "2017.07.22"]
[Round "8"]
[White "Mohammad, Hasan"]
[Black "Mihir Lal, Das"]
[Result "1-0"]
[WhiteElo "1672"]
[BlackElo "1871"]
[PlyCount "87"]
[EventDate "2017.07.15"]
[EventType "swiss"]
[EventRounds "9"]
[EventCountry "BAN"]
[SourceTitle "EXT 2018"]
[Source "ChessBase"]
[SourceDate "2017.10.13"]
[SourceVersion "1"]
[SourceVersionDate "2017.10.13"]
[SourceQuality "1"]

1. e4 d5 2. exd5 Qxd5 3. Nc3 Qa5 4. Bc4 Nf6 5. d4 c6 6. Bd2 Qc7 7. h3 Bf5 8. Nf3 e6 9. Bb3 Nbd7 10. Qe2 Be7 11. Nh4 Bg6 12. Nxg6 hxg6 13. 0-0-0 Nb6 14. Qf3 0-0-0 15. Ne2 c5 16. dxc5 Bxc5 17. Nc3 a6 18. g4 Nfd5 19. Ne4 f6 20. Nxc5 Qxc5 21. Qe4 Qxf2 22. Qxe6+ Rd7 23. Kb1 Qc5 24. Qe4 Rhd8 25. c4 f5 26. Qe6 Nc7 27. Qe2 Re8 28. Qf3 Nxc4 29. Bg5 Re4 30. Rxd7 Kxd7 31. Rd1+ Rd4 32. Qxb7 fxg4 33. Ba4+ Ke6 34. Qc8+ Kd5 35. Qd7+ Qd6 36. Rxd4+ Kxd4 37. Qxg4+ Kc5 38. Qg1+ Kb4 39. Qd1 Qc5 40. a3+ Nxa3+ 41. bxa3+ Ka5 42. Bd2+ Kb6 43. Qb3+ Nb5 44. Be3 1-0

[Event "BAN-chT"]
[Site "Dhaka"]
[Date "2016.11.30"]
[Round "8.1"]
[White "Sacchu, Afzal Hossain"]
[Black "Mohammad, Hasan"]
[Result "1-0"]
[WhiteElo "2010"]
[BlackElo "1841"]
[PlyCount "99"]
[EventDate "2016.11.23"]
[EventType "team-tourn"]
[EventRounds "9"]
[EventCountry "BAN"]
[SourceTitle "EXT 2018"]
[Source "ChessBase"]
[SourceDate "2017.10.13"]
[SourceVersion "1"]
[SourceVersionDate "2017.10.13"]
[SourceQuality "1"]
[WhiteTeam "Hasan Memorial CC"]
[BlackTeam "Kasparov CC"]
[WhiteTeamCountry "BAN"]
[BlackTeamCountry "BAN"]

1. g3 g6 2. Bg2 Bg7 3. d4 c5 4. c3 cxd4 5. cxd4 Nf6 6. e4 d6 7. Ne2 0-0 8. 0-0 Nbd7 9. Nbc3 Rb8 10. h3 b5 11. Nf4 e6 12. Be3 b4 13. Nce2 a5 14. b3 Ba6 15. Qd2 e5 16. dxe5 dxe5 17. Nd3 Qe7 18. Rfd1 Rfd8 19. Qe1 Bxd3 20. Rxd3 Nc5 21. Rxd8+ Rxd8 22. f3 Rd3 23. Qf2 Bf8 24. Rc1 Nfd7 25. Bf1 Qd6 26. Kg2 a4 27. bxa4 Ra3 28. Ng1 Nd3 29. Bxd3 Qxd3 30. Re1 Qc4 31. Re2 Bc5 32. Bxc5 Nxc5 33. Rc2 Rc3 34. Rd2 Nxa4 35. Qa7 Rc2 36. Qb8+ Kg7 37. Qxe5+ Kg8 38. Qb8+ Kg7 39. Qe5+ Kg8 40. Rxc2 Qxc2+ 41. Kh1 Qb2 42. Qe8+ Kg7 43. Qxa4 Qc3 44. Qb3 Qe1 45. Qb2+ f6 46. Qg2 Kf7 47. Kh2 Ke6 48. f4 Kd6 49. Qe2 Qc3 50. Nf3 1-0